000
00326 a2200157 4500
001
59894
020
_a
3935229468
040
_c
Anchieta - Pituba
100
_a
Claus, Calle
240
1
0
_a
Findrella
_l
por
245
1
0
_a
Findrella
300
_a
143
362
0
_a
2007
650
4
_a
Literatura juvenil em alemão
942
_c
BK
999
_c
59894
_d
59894